Advantage Series: Microsoft Office Access 2003, Complete Edition /
The Advantage Series presents the Feature-Method-Practice approach to computer software applications to today's technology and business students. This series implements an efficient and effective learning model, which enhances critical thinking skills and provides students and faculty with comp...
Enregistré dans:
| Auteur principal: | |
|---|---|
| Autres auteurs: | |
| Format: | Livre |
| Langue: | Vietnamese |
| Publié: |
American :
McGraw -Hill ,
2004
|
| Sujets: | |
| Tags: |
Ajouter un tag
Pas de tags, Soyez le premier à ajouter un tag!
|
| Thư viện lưu trữ: | Thư viện Trường CĐ Kỹ Thuật Cao Thắng |
|---|
| LEADER | 01273nam a2200253 a 4500 | ||
|---|---|---|---|
| 001 | TVCDKTCT8652 | ||
| 003 | Thư viện trường Cao đẳng Kỹ thuật Cao Thắng | ||
| 005 | 20080306000000 | ||
| 008 | 080306 | ||
| 980 | \ | \ | |a Thư viện Trường CĐ Kỹ Thuật Cao Thắng |
| 024 | |a RG_1 #1 eb0 i1 | ||
| 020 | # | # | |a 007283434X |
| 041 | 0 | # | |a vie |
| 082 | # | # | |a 005 / |b M300C-g |
| 100 | 1 | # | |a Clifford Sarah Hutchinson |
| 245 | 0 | 0 | |a Advantage Series: Microsoft Office Access 2003, Complete Edition / |c Clifford Sarah Hutchinson, J. Coulthard Glen |
| 260 | # | # | |a American : |b McGraw -Hill , |c 2004 |
| 300 | # | # | |a 776tr. |
| 520 | # | # | |a The Advantage Series presents the Feature-Method-Practice approach to computer software applications to today's technology and business students. This series implements an efficient and effective learning model, which enhances critical thinking skills and provides students and faculty with complete application coverage. |
| 520 | # | # | |a About the Author |
| 520 | # | # | |a Sarah Hutchinson has taught microcomputer applications through her company, Sarah Hutchinson & Associates. She has a BA from the University of California, Santa Barbara. |
| 650 | # | 4 | |a Microsoft Access |
| 650 | # | 4 | |a Database Managerment |
| 700 | 0 | # | |a J. Coulthard Glen |


